Представление документа в формате MARC21

Поле Инд. ПП Название Значение
Тип записи a
Библиографический уровень b
001 Контрольный номер RU/IS/BASE/419706783
005 Дата корректировки 20200630193224.2
008 Кодируемые данные 20130419
040 b Код языка каталог. rus
e Правила каталог. PSBO
041 0_ a Код языка текста rus
084 a Индекс другой классификации/Индекс ББК 66.033.141.3; 60.80
100 1_ a Автор Оболонский А. В.
q Полное имя Оболонский Александр Валентинович
245 00 a Заглавие На пути к новой модели бюрократии (доклад на семинаре "Российское государство сегодня: легитимность и историческая идентичность", ИНИОН РАН, 26 января 2012 г.)
520 a Аннотация Рассматривается активизировавшийся в последнее время в обществе поиск новой модели отношений гражданина и государства, и прежде всего исполнительной ветви власти...
650 a Основная рубрика политика
a Основная рубрика политология
a Основная рубрика социальное управление
a Основная рубрика теория социального управления
653 1_ a Ключевые слова XIX век
a Ключевые слова XX век
a Ключевые слова административное управление
a Ключевые слова бюрократия
a Ключевые слова власть
a Ключевые слова внутренняя политика
a Ключевые слова государственная власть
a Ключевые слова государственное управление
a Ключевые слова государственные органы
a Ключевые слова гражданское общество
a Ключевые слова исполнительная власть
a Ключевые слова личность
a Ключевые слова модели бюрократии
a Ключевые слова общество
a Ключевые слова реформа государственного управления
a Ключевые слова Россия
773 0_ t Заглавие источника Вопросы государственного и муниципального управления
d Дата издания источника 2012
g Прочая информация № 1. - С. 67 - 77
w Контрольный № источника RU/IS/BASE/388163602
901 t Тип документа b